Jakie państwo graniczy z - Statystyki

Ogólne statystyki
  • Ten quiz został rozwiązany 87 razy
  • Średni wynik to 10 z 15
Statystyki odpowiedzi
Zagadnienie Odpowiedź % Poprawnych
Jakie państwo graniczy z Urugwajem Argentyna
100%
Jakie państwo graniczy z Haiti Dominikana
100%
Jakie państwo graniczy z Senegalem Gambia
100%
Jakie państwo graniczy z Andorą Hiszpania
100%
Jakie państwo graniczy z Timorem Wschodnim Indonezja
100%
Jakie państwo graniczy z Pakistanem Afganistan
67%
Jakie państwo graniczy z Hondurasem Gwatemala
67%
Jakie państwo graniczy z Lesotho Republika Południowej Afryki
67%
Jakie państwo graniczy z Gujaną Surinam
67%
Jakie państwo graniczy z Katarem Arabia Saudyjska
33%
Jakie państwo graniczy z Liechtensteinem Austria
33%
Jakie państwo graniczy z Nepalem Chiny
33%
Jakie państwo graniczy z Macedonia Połnocną Kosowo
33%
Jakie państwo graniczy z Koreą Północną Rosja
33%
Jakie państwo graniczy z Libanem Syria
33%
Nie znaleziono quizów pasujących do podanych kryteriów
Rozkład punktacji
Procent ludzi z każdym wynikiem
Percentyl według liczby udzielonych odpowiedzi
Twoja historia wyników
Nie rozwiązałeś tego quizu